|
|
|
|
| LEADER |
00000nab a2200000 a 4500 |
| 001 |
vtls009463887 |
| 003 |
SK-MaSNL |
| 005 |
20260304152804.0 |
| 008 |
250506c2008 xo |||||||||||000 b|slo |
| 015 |
|
|
|a SNBRB2009/01
|2 snkbucl
|
| 035 |
|
|
|a urn:nbn:sk:snk-ab7uwz
|
| 035 |
|
|
|a (urnnbn)urn:nbn:sk:snk:ar-0041oo
|
| 035 |
|
|
|a (uuid)7a7bfef0-7f6d-4323-9fde-6f55ab9dfcc9
|
| 038 |
|
|
|a SNKBUCL
|
| 040 |
|
|
|a SNKBUCL
|b slo
|c SNKBUCL
|e AACR2
|
| 041 |
0 |
|
|a slo
|
| 044 |
|
|
|a xo
|c SK
|
| 080 |
|
|
|a 355.318.2
|x (437.6)
|x (581)
|2 2001
|
| 080 |
|
|
|a 355.357
|x (581)
|2 2001
|
| 100 |
1 |
|
|a Žiak, Jozef
|4 aut
|9 11588
|
| 245 |
1 |
0 |
|a Najťažšia misia vojenských policajtov
|c Jozef Žiak
|
| 300 |
|
|
|b Fotogr.
|
| 610 |
1 |
7 |
|a Slovensko.
|b Ozbrojené sily
|2 snkbucl
|9 88133
|
| 610 |
2 |
7 |
|a ISAF
|2 snkbucl
|9 133419
|
| 650 |
0 |
7 |
|a mierové misie
|2 snkbucl
|9 58516
|
| 651 |
|
7 |
|a Afganistan
|2 snkbucl
|9 22003
|
| 773 |
0 |
|
|t Obrana
|g Roč. 16, č. 12 (2008), s. 5-[7]
|x 1336-2910
|
| 850 |
|
|
|a Slovenská národná knižnica
|
| 852 |
|
|
|a Slovenská národná knižnica
|
| 954 |
|
|
|a odborná, vedecká literatúra pôvodná (slovenská)
|2 lita
|
| 958 |
|
|
|a article9
|
| 958 |
|
|
|a OND
|
| 958 |
|
|
|a SK
|
| 958 |
|
|
|a AF
|
| 958 |
|
|
|a EUIPO
|
| 999 |
|
|
|c 2951007
|d 2952937
|